Nové právní předpisy v ochraně životního prostředí /

Hlavní autor: Tichotová, Přibyslava
Jazyk: Čeština
Vydáno: Praha : SEVT :Ekotip, 1992
Témata:
Fyzický popis: 526 s. ; 20 cm
Knihy
Uloženo v:
LEADER 01265nam a22003372a 4500
001 000285138
003 CZ BrMZK
005 20210726084642.0
008 040203s1992 xr f |||| 0 cze d
015 |a cnb000075141 
020 |a 80-7049-049-7  |q (brož.) 
035 |a (OCoLC)39595649 
040 |a ABA001  |b cze  |d BOA001 
043 |a e-cz--- 
045 |a x9x9 
080 9 |a 504.06 
080 9 |a 349.6 
080 9 |a 502 
100 1 |a Tichotová, Přibyslava  |7 ola2003191799  |4 aut 
245 1 0 |a Nové právní předpisy v ochraně životního prostředí /  |c Přibyslava Tichotová 
260 |a Praha :  |b SEVT :  |b Ekotip,  |c 1992 
300 |a 526 s. ;  |c 20 cm 
500 |a Rozmn. 
653 0 |a ochrana ovzduší  |a ochrana přírody  |a ochrana zdraví  |a odpadové hospodářství  |a půdní fond  |a vodní hospodářství  |a životní prostředí  |a Československo  |a Česká republika 
655 7 |a příručky  |7 fd133209  |2 czenas 
655 7 |a právní předpisy  |7 fd133151  |2 czenas 
910 |a BOA001  |b TK-0251.252  |b 2-0985.587 
920 |a 000100025 
990 |a BK 
996 6 |b 2619994686  |c 2-0985.587  |l MZK  |r Sklad / do 1 hodiny  |n 4  |w 000285138  |u 000020  |a 1  |e BOA001  |j MZK50  |s P 
996 7 |b 2629966690  |c TK-0251.252  |l MZK  |r Sklad / do 24 hodin  |n 0  |w 000285138  |u 000010  |a 1  |e BOA001  |j MZK50  |s A